| 000 | 01608nam0a2200313 i 4500 | ||
|---|---|---|---|
| 001 | RU\NLR\BIBL_A\010785058 | ||
| 005 | 20241105212753.0 | ||
| 010 |
_a9785904279806 _9720 |
||
| 035 | _a(NLR Aleph) 010785058 | ||
| 090 |
_a10086711 _c10086711 |
||
| 100 | _a20150618d2014 u y0rusy50 ca | ||
| 101 | 0 | _arus | |
| 102 | _aRU | ||
| 105 | _aach|z|||001yb | ||
| 200 | 1 |
_aЖизнь, отданная людям: о жизни и профессиональной деятельности хирурга В.В. Хрячкова _fЕ.П. Каргополов _gХанты-Манс. гос. мед. акад., Каф. гуманитар. и соц.-экон. дисциплин |
|
| 210 |
_aШумиха _c[б. и.] _d2014 |
||
| 215 |
_a271 с., [2] л. цв. портр. _cил., портр., факс., цв. ил. _d21 |
||
| 300 | _aНа 4-й с. обл. авт.: Каргаполов Е.П., д.п.н., проф. | ||
| 300 | _aПосвящ. 20-летию ХМГМА и 80-летию мед. образования в ХМАО-Югре | ||
| 320 | _aБиблиогр. в подстроч. примеч. | ||
| 320 | _aДр. произведения авт. на 4-й с. обл. | ||
| 600 | 1 |
_aХрячков _bВ.В. _f1941 _gВалерий Васильевич _92445876 _3RU\NLR\AUTH\661454681 |
|
| 686 | 1 | _aР.г(2)7д Хрячков | |
| 700 | 1 |
_aКаргаполов _bЕ. П. _f1951- _gЕвгений Павлович |
|
| 702 | 1 |
_aХрячков _bВ. В. _f1941- _gВалерий Васильевич _4570 |
|
| 942 | _cBOOK | ||
| 980 | _aNBR | ||